000 01818cam a2200481 4500
003 PE-LiUPU
005 20250731173413.0
020 _a1597520896
035 _a(Sirsi) i9781597520898
035 _a(Sirsi) 46675
035 _a(Sirsi) 46675
041 _aen
044 _aus
082 0 4 _a236.9
_bL64
100 1 _aLightner, Robert
245 _aLast days handboo :
_ba comprehenssive guide to understanding the different views of prophecy, who believes what about prophecy and why /
_cRobert Lightner.
264 1 _aNashville :
_bThomas Nelson Publishers,
_c2005
300 _a242 páginas :
_bilustraciones ;
_c22 cm.
504 _aIncluye bibliografía
505 0 _aCharts and illustrations ix foreword x -- Most frequently asked questions about end-times prophecy -- The Issues -- Another book on prophecy? -- Evangelical agreement on things to come -- Systems of eschatology: how evangelicals differ -- Premil
526 _aSEG42
526 _aSEG41
526 _aSEG40
526 _aSEG39
526 _aP94
526 _aP87
526 _aP86
526 _aP85
526 _aP77
526 _aP76
526 _aP35
650 1 4 _aEscatología
_95923
650 1 4 _aMilenarismo
650 1 4 _aEvangelicalismo
942 _2ddc
_cBOOK
949 _a236.9 L64
_i64280
_lCCODEBUL1
_mBUL
_tLIBRO
_o.STAFF. Colección General
859 _q64280
_h236.9
_iL64
910 _bjv
_clch
_d20120318
596 _a1
999 _aPGT 236.9 L64
_wDEWEY
_c53071
_i64280
_d53071
_f2021-11-10
_g5
_lCCODEBUL1
_mBUL
_p26.00
_q1
_r0
_sY
_tBOOK
_u2015-7-6
_xTEOLOGIA
_PP85
_0COMPRA
_o.CIRCNOTE. No olvidar cambiar la fecha de devolución!!!!!!!
_o.STAFF. Colección General
980 _81
_gALBERTO SANCHEZ Responsable de Automatización